Variaciones del amor / (Registro nro. 2672)

Detalles MARC
000 -LEADER
fixed length control field 01489nam a2200205 a 4500
008 - CAMPO DE CONTROL (LIBRO)
fixed length control field 180221s2005 ag ||||fr|||| 00| e spa d
020 ## - INTERNATIONAL STANDARD BOOK NUMBER
ISBN 9875660353
041 ## - CODIGO DE IDIOMA
Código de idioma del texto/pista de sonido o título separado spa
092 ## - SIGNATURA TOPOGRAFICA DEWEY LOCAL
número de clasificación 864
libristica 6
sección BAR
100 1# - ENTRADA PRINCIPAL--NOMBRE PERSONAL
Nombre personal Barylko, Jaime
9 (RLIN) 3170
245 ## - TITULO PROPIAMENTE DICHO
Título Variaciones del amor /
Mención de responsabilidad y remanente de la transcripción de la portada Jaime Barylko
250 ## - MENCION DE EDICION
Mención de edición 1a ed.
Mención de responsabilidad relacionada con la ed. Lic. Jaia Barylko y Lic. Patricia Iacovone.
260 ## - PIE DE IMPRENTA
Lugar de publicación, distribución, etc Buenos Aires:
Nombre de la editorial, distribuidor, etc Debolsillo;
Fecha de publicación 2005.
300 ## - DESCRIPCION FISICA
Extension 192 p.
Dimensiones 19x13cm
500 ## - NOTA GENERAL
Nota general Barylko, J. (2005). Variaciones del amor. (1a ed.). Buenos Aires : DeBolsillo.
505 ## - NOTA DE CONTENIDO
Nota de contenido formateada "Es tan natural querer amar. Es tan complicado poder hacerlo" Así expresa Jaime Barylko uno de los grandes temas que hacen a la humanidad. Y nos propone el desafío de detener la marcha de la cotidianidad para poner en funcionamiento el motor del pensamiento. Barylko nos enfrenta con una cuestión esencial para el hombre y para la mujer de estos tiempos: el trabajo del amor, el compromiso en tanto promesa que crece entre dos. El autor nos invita a poner en duda lo dado por hecho, lo establecido, y analiza el azar del encuentro entre dos personas: "Voy hacia ti porque necesito ser percibido, ser definido. Debo hacer algo porque debo ser alguien". Con su mirada aguda, apoyándose en pensadores y obras clave de todos los tiempos, el filósofo y educador Jaime Barylko nos invita a recrear la multiplicidad y riqueza del amor.
590 ## - NOTAS LOCALES (RLIN)
Nota local Donación de Dra Mónica Reyna, febrero 2018.
655 ## - MATERIA - GENERO/FORMA
Género/Forma Literatura
-- 2917
942 ## - ADDED ENTRY ELEMENTS (KOHA)
Source of classification or shelving scheme Dewey Decimal Classification
Item type LITERATURA
Existencias
Estado de retiro Existencia Fuente de clasificación Estado general No para prestamo Ubicación permanente ubicación actual Sala de ubicación Fecha de adquisición Fuente de adquisición Total Checkouts Número de clasificación Código de barras Date last seen Date last borrowed Número de ejemplar Price effective from Koha tipo de elemento (item) Public note
    Dewey Decimal Classification     Biblioteca Medicina Biblioteca Medicina Circulación 21/02/2018 Donación de Dra. Mónica Reyna. 1 864 6 BAR 4176 23/10/2018 11/10/2018 Ej.1 21/02/2018 LITERATURA Donación de Dra. Mónica Reyna, febrero 2018.

UNIVERSIDAD NACIONAL DEL COMAHUE
Biblioteca de la Facultad de Ciencias Médicas
Sede Toschi: Los Arrayanes y Av. Toschi, Cipolletti  - Rio Negro
Sede Los Tordos:  Yrigoyen al 2211, Cipolletti - Rio Negro 

Teléfono: 0299 - 4774707 int 25
Contacto: biblioteca@facimed.uncoma.edu.ar
© 2011 - 2026